000 00334nam a2200133Ia 4500
008 230411s9999 xx 000 0 und d
041 _aeng
082 _aPY/150/SRE/B06953
100 _aBasavanna M
245 _aPsychology for Nurses
260 _bJaypee Brothers
_aNew Delhi
_c2015
300 _a614p
999 _c157184
_d157184